[Event "Week's Tournament Elo 1799- (WT1)"]
[Site "Biel, CH"]
[Date "2025.07.24"]
[Round "4"]
[White "Archit Saigal"]
[Black "Belmadani, Naim"]
[Result "1-0"]
[Board "7"]
[WhiteFideId "46631291"]
[BlackFideId "1354302"]
[WhiteElo "1494"]
[BlackElo "1750"]
[WhiteTeam "IND"]
[BlackTeam "SUI"]
[WhiteClock "0:02:12"]
[BlackClock "0:01:03"]
[Variant "Standard"]

1. e4 {[%clk 0:57:39]}  e6 {[%clk 1:00:29]} 2. d4 {[%clk 0:58:04]}  d5 {[%clk 0:59:47]} 3. Nc3 {[%clk 0:55:56]}  Nf6 {[%clk 0:48:26]} 4. e5 {[%clk 0:46:25]}  Nfd7 {[%clk 0:48:13]} 5. f4 {[%clk 0:46:31]}  c5 {[%clk 0:59:59]} 6. Nf3 {[%clk 0:46:56]}  Nc6 {[%clk 0:57:40]} 7. Be3 {[%clk 0:44:25]}  a6 {[%clk 0:52:39]} 8. Qd2 {[%clk 0:32:34]}  Qc7 {[%clk 0:48:40]} 9. Ne2 {[%clk 0:31:16]}  cxd4 {[%clk 0:46:14]} 10. Nexd4 {[%clk 0:27:31]}  Nc5 {[%clk 0:38:42]} 11. c3 {[%clk 0:25:18]}  Be7 {[%clk 0:29:44]} 12. Be2 {[%clk 0:20:18]}  Bd7 {[%clk 0:28:03]} 13. O-O {[%clk 0:15:31]}  f6 {[%clk 0:22:32]} 14. Nxc6 {[%clk 0:07:08]}  bxc6 {[%clk 0:29:06]} 15. b4 {[%clk 0:07:08]}  Ne4 {[%clk 0:28:52]} 16. Qc2 {[%clk 0:05:43]}  f5 {[%clk 0:27:12]} 17. c4 {[%clk 0:02:13]}  Rc8 {[%clk 0:27:01]} 18. c5 {[%clk 0:06:27]}  Rd8 {[%clk 0:25:03]} 19. Bxa6 {[%clk 0:05:27]}  Qa7 {[%clk 0:24:40]} 20. Bd3 {[%clk 0:04:35]}  Qa3 {[%clk 0:23:13]} 21. Rfb1 {[%clk 0:01:19]}  O-O {[%clk 0:21:36]} 22. Rb3 {[%clk 0:01:10]}  Qa7 {[%clk 0:20:34]} 23. Bxe4 {[%clk 0:02:22]}  fxe4 {[%clk 0:20:25]} 24. Nd4 {[%clk 0:02:44]}  Ra8 {[%clk 0:19:35]} 25. a4 {[%clk 0:01:54]}  Rfb8 {[%clk 0:18:10]} 26. Qe2 {[%clk 0:00:09]}  g6 {[%clk 0:17:28]} 27. Bf2 {[%clk 0:01:04]}  Kg7 {[%clk 0:17:14]} 28. Qg4 {[%clk 0:00:09]}  Kf7 {[%clk 0:16:23]} 29. h4 {[%clk 0:00:50]}  h5 {[%clk 0:15:50]} 30. Qe2 {[%clk 0:00:01]}  Rb7 {[%clk 0:15:10]} 31. Kh1 {[%clk 0:00:37]}  Qb8 {[%clk 0:14:33]} 32. Qd2 {[%clk 0:00:37]}  Bxc5 {[%clk 0:14:04]} 33. Nxc6 {[%clk 0:00:01]}  Bxc6 {[%clk 0:07:35]} 34. Bxc5 {[%clk 0:01:05]}  Bxa4 {[%clk 0:07:05]} 35. Rba3 {[%clk 0:00:26]}  Qe8 {[%clk 0:06:50]} 36. Qa2 {[%clk 0:01:28]}  d4 {[%clk 0:06:43]} 37. Rxa4 {[%clk 0:01:36]}  Rxa4 {[%clk 0:03:11]} 38. Qxa4 {[%clk 0:01:14]}  Qd8 {[%clk 0:00:59]} 39. Rd1 {[%clk 0:00:55]}  d3 {[%clk 0:00:25]} 40. Bd6 {[%clk 0:00:50]}  Qxh4+ {[%clk 0:03:09]} 41. Kg1 {[%clk 0:00:28]}  Qxf4 {[%clk 0:02:44]} 42. Rf1 {[%clk 0:00:19]}  g5 {[%clk 0:02:17]} 43. Rxf4+ {[%clk 0:01:30]}  gxf4 {[%clk 0:01:28]} 44. Qa8 {[%clk 0:00:49]}  Rd7 {[%clk 0:01:19]} 45. Qxe4 {[%clk 0:01:29]}  Rxd6 {[%clk 0:01:04]} 46. exd6 {[%clk 0:01:02]}  e5 {[%clk 0:00:57]} 47. Qxd3 {[%clk 0:01:00]}  Ke6 {[%clk 0:01:03]} 48. d7 {[%clk 0:02:12]} 1-0

[Event "Week's Tournament Elo 1799- (WT1)"]
[Site "Biel, CH"]
[Date "2025.07.24"]
[Round "4"]
[White "Delaquis, Gianluca"]
[Black "Martin, Benoit"]
[Result "1-0"]
[Board "8"]
[WhiteFideId "1363620"]
[BlackFideId "1361210"]
[WhiteElo "1746"]
[BlackElo "1585"]
[WhiteTeam "SUI"]
[BlackTeam "SUI"]
[WhiteClock "0:05:38"]
[BlackClock "0:27:13"]
[Variant "Standard"]

1. e4 {[%clk 1:00:55]}  c5 {[%clk 1:00:54]} 2. c3 {[%clk 1:01:12]}  Nf6 {[%clk 1:00:20]} 3. e5 {[%clk 1:01:17]}  Nd5 {[%clk 1:00:05]} 4. d4 {[%clk 1:00:30]}  e6 {[%clk 1:00:59]} 5. Nf3 {[%clk 0:58:05]}  d6 {[%clk 0:48:26]} 6. c4 {[%clk 0:48:19]}  Nc7 {[%clk 0:53:07]} 7. dxc5 {[%clk 0:47:26]}  d5 {[%clk 0:51:17]} 8. b4 {[%clk 0:43:18]}  a5 {[%clk 0:48:41]} 9. Bg5 {[%clk 0:39:01]}  Qd7 {[%clk 0:38:34]} 10. Bd2 {[%clk 0:25:55]}  axb4 {[%clk 0:47:58]} 11. Bxb4 {[%clk 0:26:15]}  Nca6 {[%clk 0:48:07]} 12. Qb3 {[%clk 0:24:07]}  Bxc5 {[%clk 0:42:06]} 13. Bxc5 {[%clk 0:23:03]}  Nxc5 {[%clk 0:44:25]} 14. Qb4 {[%clk 0:21:54]}  Qc6 {[%clk 0:41:19]} 15. Nd4 {[%clk 0:19:05]}  Qc7 {[%clk 0:40:39]} 16. f4 {[%clk 0:17:17]}  Ra4 {[%clk 0:34:27]} 17. Qb2 {[%clk 0:14:05]}  Nc6 {[%clk 0:34:04]} 18. Nxc6 {[%clk 0:09:50]}  Qxc6 {[%clk 0:34:20]} 19. Nc3 {[%clk 0:09:05]}  Ra6 {[%clk 0:26:50]} 20. cxd5 {[%clk 0:08:46]}  Rb6 {[%clk 0:26:16]} 21. Bb5 {[%clk 0:06:52]}  Rxb5 {[%clk 0:26:37]} 22. Qxb5 {[%clk 0:06:30]}  Qxb5 {[%clk 0:26:55]} 23. Nxb5 {[%clk 0:06:55]}  Bd7 {[%clk 0:26:12]} 24. Nc7+ {[%clk 0:07:08]}  Kd8 {[%clk 0:26:32]} 25. d6 {[%clk 0:07:25]}  Nd3+ {[%clk 0:26:49]} 26. Kd2 {[%clk 0:07:21]}  Nxf4 {[%clk 0:27:12]} 27. Rab1 {[%clk 0:07:04]}  Bc6 {[%clk 0:27:34]} 28. Rhf1 {[%clk 0:07:04]}  g5 {[%clk 0:27:10]} 29. g3 {[%clk 0:07:19]}  Ng6 {[%clk 0:27:03]} 30. Rxf7 {[%clk 0:07:36]}  Nxe5 {[%clk 0:27:21]} 31. Nxe6+ {[%clk 0:07:20]}  Ke8 {[%clk 0:27:13]} 32. Re7# {[%clk 0:05:38]} 1-0

[Event "Week's Tournament Elo 1799- (WT1)"]
[Site "Biel, CH"]
[Date "2025.07.24"]
[Round "4"]
[White "Dzakula, Igor"]
[Black "Briechle, Dennnis"]
[Result "1-0"]
[Board "9"]
[WhiteFideId "1357344"]
[BlackFideId "1364359"]
[WhiteElo "1728"]
[BlackElo "1485"]
[WhiteTeam "SUI"]
[BlackTeam "SUI"]
[WhiteClock "0:01:41"]
[BlackClock "0:00:33"]
[Variant "Standard"]

1. b3 {[%clk 1:00:59]}  Nf6 {[%clk 1:00:31]} 2. Bb2 {[%clk 1:01:21]}  e6 {[%clk 0:59:45]} 3. c4 {[%clk 1:00:58]}  g6 {[%clk 0:59:52]} 4. g3 {[%clk 1:01:05]}  Bg7 {[%clk 1:00:01]} 5. Bg2 {[%clk 1:01:18]}  O-O {[%clk 0:59:35]} 6. e3 {[%clk 1:01:35]}  Nc6 {[%clk 0:57:27]} 7. Ne2 {[%clk 1:01:10]}  d5 {[%clk 0:53:47]} 8. cxd5 {[%clk 1:00:39]}  Nxd5 {[%clk 0:53:59]} 9. Bxg7 {[%clk 0:59:28]}  Kxg7 {[%clk 0:54:20]} 10. O-O {[%clk 0:59:46]}  Rb8 {[%clk 0:51:22]} 11. Nbc3 {[%clk 0:59:03]}  Nce7 {[%clk 0:50:10]} 12. Rc1 {[%clk 0:58:05]}  b6 {[%clk 0:47:03]} 13. d4 {[%clk 0:51:05]}  Ba6 {[%clk 0:44:58]} 14. Re1 {[%clk 0:48:46]}  Bb7 {[%clk 0:39:11]} 15. a3 {[%clk 0:44:04]}  Qd7 {[%clk 0:33:59]} 16. Qd2 {[%clk 0:22:25]}  a5 {[%clk 0:32:17]} 17. Nxd5 {[%clk 0:14:38]}  Bxd5 {[%clk 0:31:32]} 18. Qc3 {[%clk 0:12:25]}  Bxg2 {[%clk 0:27:06]} 19. Kxg2 {[%clk 0:12:42]}  Nd5 {[%clk 0:26:12]} 20. Qb2 {[%clk 0:12:16]}  f5 {[%clk 0:22:57]} 21. Red1 {[%clk 0:11:07]}  Rbc8 {[%clk 0:22:03]} 22. Nc3 {[%clk 0:08:58]}  Nxc3 {[%clk 0:19:37]} 23. Rxc3 {[%clk 0:08:40]}  Qd5+ {[%clk 0:19:35]} 24. f3 {[%clk 0:07:39]}  Kf7 {[%clk 0:16:55]} 25. Qc2 {[%clk 0:07:06]}  Qd6 {[%clk 0:14:07]} 26. a4 {[%clk 0:06:22]}  Rfd8 {[%clk 0:11:45]} 27. Rc6 {[%clk 0:06:04]}  Qe7 {[%clk 0:09:54]} 28. Rc1 {[%clk 0:05:47]}  Rd7 {[%clk 0:09:50]} 29. Rxb6 {[%clk 0:05:19]}  cxb6 {[%clk 0:05:04]} 30. Qxc8 {[%clk 0:05:27]}  Qd8 {[%clk 0:02:10]} 31. Qxd8 {[%clk 0:04:01]}  Rxd8 {[%clk 0:02:32]} 32. Rc7+ {[%clk 0:04:28]}  Kf6 {[%clk 0:01:37]} 33. Kf2 {[%clk 0:04:37]}  h6 {[%clk 0:01:33]} 34. Ke2 {[%clk 0:04:41]}  g5 {[%clk 0:01:02]} 35. Kd3 {[%clk 0:04:56]}  h5 {[%clk 0:00:56]} 36. Kc4 {[%clk 0:02:20]}  g4 {[%clk 0:00:37]} 37. fxg4 {[%clk 0:02:36]}  hxg4 {[%clk 0:01:01]} 38. Kb5 {[%clk 0:01:58]}  Rh8 {[%clk 0:01:17]} 39. Rc2 {[%clk 0:02:20]}  Rb8 {[%clk 0:00:54]} 40. Ka6 {[%clk 0:02:12]}  Rd8 {[%clk 0:00:39]} 41. Kxb6 {[%clk 0:01:06]}  Rb8+ {[%clk 0:00:59]} 42. Kxa5 {[%clk 0:01:24]}  Rxb3 {[%clk 0:01:20]} 43. Re2 {[%clk 0:01:38]}  Ke7 {[%clk 0:01:34]} 44. Ka6 {[%clk 0:01:56]}  Kd7 {[%clk 0:01:42]} 45. a5 {[%clk 0:01:42]}  Kc7 {[%clk 0:01:40]} 46. Rc2+ {[%clk 0:01:40]}  Kd6 {[%clk 0:01:05]} 47. Re2 {[%clk 0:01:36]}  Kc6 {[%clk 0:00:41]} 48. e4 {[%clk 0:01:52]}  Rb4 {[%clk 0:00:31]} 49. exf5 {[%clk 0:01:24]}  exf5 {[%clk 0:00:44]} 50. Re6 {[%clk 0:01:11]}  Kd5 {[%clk 0:00:40]} 51. Re5+ {[%clk 0:01:26]}  Kxd4 {[%clk 0:00:54]} 52. Rxf5 {[%clk 0:01:40]}  Ke3 {[%clk 0:00:43]} 53. Rf4 {[%clk 0:00:59]}  Rb2 {[%clk 0:00:44]} 54. Rxg4 {[%clk 0:00:53]}  Rxh2 {[%clk 0:01:01]} 55. Rb4 {[%clk 0:01:02]}  Rg2 {[%clk 0:01:02]} 56. g4 {[%clk 0:01:21]}  Kd3 {[%clk 0:01:16]} 57. Kb5 {[%clk 0:00:59]}  Kc3 {[%clk 0:00:43]} 58. Rf4 {[%clk 0:00:43]}  Rb2+ {[%clk 0:00:43]} 59. Kc6 {[%clk 0:01:00]}  Ra2 {[%clk 0:00:46]} 60. Rf5 {[%clk 0:01:22]}  Ra4 {[%clk 0:00:33]} 61. g5 {[%clk 0:01:41]} 1-0

[Event "Week's Tournament Elo 1799- (WT1)"]
[Site "Biel, CH"]
[Date "2025.07.24"]
[Round "4"]
[White "Ben-Avi, Dotan"]
[Black "Yehuda, Beeri"]
[Result "1/2-1/2"]
[Board "11"]
[WhiteFideId "2847965"]
[BlackFideId "2851474"]
[WhiteElo "1615"]
[BlackElo "1666"]
[WhiteTeam "ISR"]
[BlackTeam "ISR"]
[WhiteClock "0:05:40"]
[BlackClock "0:06:27"]
[Variant "Standard"]

1. c4 {[%clk 1:00:56]}  e6 {[%clk 1:00:41]} 2. e4 {[%clk 1:01:14]}  c5 {[%clk 0:56:38]} 3. Nc3 {[%clk 1:00:32]}  Nc6 {[%clk 0:51:53]} 4. g3 {[%clk 0:58:37]}  Bd6 {[%clk 0:42:02]} 5. Bg2 {[%clk 0:53:04]}  Nge7 {[%clk 0:37:18]} 6. f4 {[%clk 0:50:15]}  Bb8 {[%clk 0:34:51]} 7. d3 {[%clk 0:47:43]}  h5 {[%clk 0:26:50]} 8. Nf3 {[%clk 0:46:13]}  d5 {[%clk 0:27:30]} 9. cxd5 {[%clk 0:44:30]}  exd5 {[%clk 0:24:00]} 10. Ng5 {[%clk 0:33:39]}  Bg4 {[%clk 0:21:39]} 11. Bf3 {[%clk 0:26:35]}  Bxf3 {[%clk 0:16:12]} 12. Qxf3 {[%clk 0:19:15]}  Nd4 {[%clk 0:15:45]} 13. Qf2 {[%clk 0:18:52]}  h4 {[%clk 0:09:28]} 14. g4 {[%clk 0:11:51]}  Qd7 {[%clk 0:08:27]} 15. h3 {[%clk 0:09:23]}  f6 {[%clk 0:07:53]} 16. Nf3 {[%clk 0:09:09]}  Nxf3+ {[%clk 0:08:05]} 17. Qxf3 {[%clk 0:09:25]}  d4 {[%clk 0:08:21]} 18. Ne2 {[%clk 0:08:57]}  Bc7 {[%clk 0:07:37]} 19. Bd2 {[%clk 0:08:39]}  Qb5 {[%clk 0:07:28]} 20. b3 {[%clk 0:06:14]}  Ba5 {[%clk 0:07:00]} 21. Bxa5 {[%clk 0:05:21]}  Qxa5+ {[%clk 0:07:20]} 22. Kf2 {[%clk 0:05:40]}  g5 {[%clk 0:06:27]} 1/2-1/2

[Event "Week's Tournament Elo 1799- (WT1)"]
[Site "Biel, CH"]
[Date "2025.07.24"]
[Round "4"]
[White "Ben Avi, Adam"]
[Black "Cloete, Willem Francois"]
[Result "1-0"]
[Board "12"]
[WhiteFideId "2853833"]
[BlackFideId "14358387"]
[WhiteElo "1643"]
[BlackElo "1567"]
[WhiteTeam "ISR"]
[BlackTeam "RSA"]
[WhiteClock "0:10:07"]
[BlackClock "0:01:56"]
[Variant "Standard"]

1. e4 {[%clk 1:00:52]}  c5 {[%clk 1:00:54]} 2. c3 {[%clk 1:00:41]}  g6 {[%clk 1:00:45]} 3. d4 {[%clk 0:57:44]}  cxd4 {[%clk 1:00:45]} 4. Bf4 {[%clk 0:51:57]}  Nf6 {[%clk 0:57:06]} 5. Be5 {[%clk 0:45:31]}  Bg7 {[%clk 0:53:18]} 6. cxd4 {[%clk 0:42:14]}  Nc6 {[%clk 0:50:34]} 7. Bxf6 {[%clk 0:41:47]}  Bxf6 {[%clk 0:50:18]} 8. e5 {[%clk 0:42:04]}  Bg7 {[%clk 0:49:43]} 9. f4 {[%clk 0:42:02]}  Qb6 {[%clk 0:47:13]} 10. Nc3 {[%clk 0:37:05]}  Qxb2 {[%clk 0:42:31]} 11. Nb5 {[%clk 0:35:43]}  O-O {[%clk 0:40:10]} 12. Rb1 {[%clk 0:29:36]}  Qxa2 {[%clk 0:39:15]} 13. d5 {[%clk 0:29:40]}  Qa5+ {[%clk 0:35:52]} 14. Qd2 {[%clk 0:29:41]}  Qxd2+ {[%clk 0:35:29]} 15. Kxd2 {[%clk 0:30:09]}  Nd8 {[%clk 0:33:56]} 16. Bc4 {[%clk 0:28:15]}  b6 {[%clk 0:29:12]} 17. Nc7 {[%clk 0:21:27]}  Rb8 {[%clk 0:25:34]} 18. Nf3 {[%clk 0:21:12]}  Bb7 {[%clk 0:20:53]} 19. Bb5 {[%clk 0:18:07]}  e6 {[%clk 0:17:45]} 20. g4 {[%clk 0:16:04]}  exd5 {[%clk 0:16:18]} 21. Bxd7 {[%clk 0:16:05]}  Bh6 {[%clk 0:14:44]} 22. g5 {[%clk 0:15:37]}  Bg7 {[%clk 0:15:02]} 23. Nd4 {[%clk 0:11:46]}  Ne6 {[%clk 0:12:23]} 24. Ncxe6 {[%clk 0:13:47]}  fxe6 {[%clk 0:12:32]} 25. Bxe6+ {[%clk 0:14:11]}  Kh8 {[%clk 0:12:44]} 26. Ke3 {[%clk 0:13:41]}  Rbd8 {[%clk 0:09:36]} 27. h4 {[%clk 0:11:24]}  h5 {[%clk 0:07:30]} 28. Rhc1 {[%clk 0:13:24]}  Bc8 {[%clk 0:06:35]} 29. Rc7 {[%clk 0:12:19]}  Rde8 {[%clk 0:04:37]} 30. Bf7 {[%clk 0:12:09]}  Bxe5 {[%clk 0:04:15]} 31. fxe5 {[%clk 0:12:02]}  Rxe5+ {[%clk 0:04:28]} 32. Kd2 {[%clk 0:10:33]}  Bf5 {[%clk 0:03:55]} 33. Rf1 {[%clk 0:09:41]}  Re4 {[%clk 0:03:32]} 34. Nxf5 {[%clk 0:09:34]}  gxf5 {[%clk 0:03:51]} 35. Rxf5 {[%clk 0:08:52]}  Rxh4 {[%clk 0:03:49]} 36. g6 {[%clk 0:08:12]}  Kg7 {[%clk 0:03:02]} 37. Be6+ {[%clk 0:08:03]}  Kxg6 {[%clk 0:02:52]} 38. Rxf8 {[%clk 0:08:25]}  Rh2+ {[%clk 0:02:25]} 39. Kd3 {[%clk 0:08:44]}  d4 {[%clk 0:02:21]} 40. Bf5+ {[%clk 0:09:05]}  Kg5 {[%clk 0:01:55]} 41. Rg7+ {[%clk 0:08:52]}  Kf4 {[%clk 0:02:01]} 42. Be4+ {[%clk 0:09:15]}  Ke5 {[%clk 0:02:16]} 43. Rg5+ {[%clk 0:09:43]}  Ke6 {[%clk 0:02:22]} 44. Rg6+ {[%clk 0:09:42]}  Ke7 {[%clk 0:02:00]} 45. Rb8 {[%clk 0:09:42]}  Kf7 {[%clk 0:01:56]} 46. Rb7+ {[%clk 0:10:07]} 1-0

[Event "Week's Tournament Elo 1799- (WT1)"]
[Site "Biel, CH"]
[Date "2025.07.24"]
[Round "4"]
[White "Pan, Haoquan"]
[Black "Lupei, Denis"]
[Result "0-1"]
[Board "13"]
[WhiteFideId "523003065"]
[BlackFideId "34611231"]
[WhiteElo "1496"]
[BlackElo "1784"]
[WhiteTeam "ESP"]
[BlackTeam "GER"]
[WhiteClock "0:15:46"]
[BlackClock "0:05:30"]
[Variant "Standard"]

1. e4 {[%clk 1:00:59]}  c6 {[%clk 1:00:54]} 2. d4 {[%clk 1:01:06]}  d5 {[%clk 1:01:20]} 3. Nc3 {[%clk 1:01:27]}  dxe4 {[%clk 1:01:45]} 4. Nxe4 {[%clk 1:01:42]}  Nf6 {[%clk 1:02:10]} 5. Nxf6+ {[%clk 1:01:55]}  exf6 {[%clk 1:02:36]} 6. Bc4 {[%clk 1:02:12]}  Bd6 {[%clk 1:02:53]} 7. Nf3 {[%clk 1:02:22]}  O-O {[%clk 1:03:15]} 8. O-O {[%clk 1:02:48]}  Nd7 {[%clk 1:02:19]} 9. Be3 {[%clk 1:02:29]}  Re8 {[%clk 1:02:23]} 10. h3 {[%clk 1:01:20]}  Nf8 {[%clk 1:01:55]} 11. c3 {[%clk 1:00:46]}  Be6 {[%clk 1:01:43]} 12. Bxe6 {[%clk 0:59:00]}  Nxe6 {[%clk 1:02:05]} 13. Qb3 {[%clk 0:59:05]}  Qd7 {[%clk 0:58:12]} 14. Nd2 {[%clk 0:58:58]}  Bb8 {[%clk 0:53:14]} 15. Ne4 {[%clk 0:57:00]}  f5 {[%clk 0:52:05]} 16. Nc5 {[%clk 0:55:47]}  Qc7 {[%clk 0:50:29]} 17. g3 {[%clk 0:55:31]}  Nxc5 {[%clk 0:50:53]} 18. dxc5 {[%clk 0:55:47]}  Rxe3 {[%clk 0:50:54]} 19. Rfe1 {[%clk 0:55:39]}  Re7 {[%clk 0:38:08]} 20. Qc4 {[%clk 0:49:56]}  Rxe1+ {[%clk 0:35:46]} 21. Rxe1 {[%clk 0:52:33]}  Qd8 {[%clk 0:34:49]} 22. Qd3 {[%clk 0:51:53]}  Bc7 {[%clk 0:33:38]} 23. Qxf5 {[%clk 0:52:04]}  Qc8 {[%clk 0:29:19]} 24. Qf3 {[%clk 0:48:53]}  Qf8 {[%clk 0:25:33]} 25. Qf5 {[%clk 0:44:51]}  Re8 {[%clk 0:28:33]} 26. Rd1 {[%clk 0:40:24]}  Rd8 {[%clk 0:28:18]} 27. Re1 {[%clk 0:40:33]}  Rd5 {[%clk 0:27:49]} 28. Qg4 {[%clk 0:39:06]}  h6 {[%clk 0:23:18]} 29. c4 {[%clk 0:39:11]}  Rd2 {[%clk 0:21:55]} 30. b3 {[%clk 0:39:04]}  Qxc5 {[%clk 0:20:01]} 31. Re8+ {[%clk 0:37:51]}  Kh7 {[%clk 0:20:23]} 32. Qe4+ {[%clk 0:38:15]}  f5 {[%clk 0:19:52]} 33. Qf3 {[%clk 0:34:07]}  Bb6 {[%clk 0:18:01]} 34. Re3 {[%clk 0:24:46]}  Qa5 {[%clk 0:09:03]} 35. b4 {[%clk 0:22:36]}  Rxf2 {[%clk 0:06:52]} 36. Qxf2 {[%clk 0:30:15]}  Bxe3 {[%clk 0:08:03]} 37. Qxe3 {[%clk 0:30:32]}  Qxa2 {[%clk 0:07:52]} 38. Qd3 {[%clk 0:30:47]}  Qa1+ {[%clk 0:07:52]} 39. Kg2 {[%clk 0:30:39]}  Qb2+ {[%clk 0:08:16]} 40. Kf3 {[%clk 0:30:46]}  Qe5 {[%clk 0:08:35]} 41. g4 {[%clk 0:26:26]}  Kg6 {[%clk 0:07:25]} 42. h4 {[%clk 0:20:56]}  Qe4+ {[%clk 0:03:32]} 43. Qxe4 {[%clk 0:21:19]}  fxe4+ {[%clk 0:03:58]} 44. Kxe4 {[%clk 0:21:40]}  Kf6 {[%clk 0:04:26]} 45. c5 {[%clk 0:21:27]}  g5 {[%clk 0:04:28]} 46. h5 {[%clk 0:21:32]}  Ke6 {[%clk 0:04:53]} 47. Kd4 {[%clk 0:21:43]}  b6 {[%clk 0:04:58]} 48. Kc4 {[%clk 0:18:04]}  Ke5 {[%clk 0:04:27]} 49. b5 {[%clk 0:16:23]}  cxb5+ {[%clk 0:05:05]} 50. Kxb5 {[%clk 0:15:46]}  bxc5 {[%clk 0:05:30]} 0-1

[Event "Week's Tournament Elo 1799- (WT1)"]
[Site "Biel, CH"]
[Date "2025.07.24"]
[Round "4"]
[White "Bartlome, Dimitri"]
[Black "Vassiliev, Jacob Brandon"]
[Result "1/2-1/2"]
[Board "14"]
[WhiteFideId "1355899"]
[BlackFideId "39950573"]
[WhiteElo "1704"]
[BlackElo "1558"]
[WhiteTeam "SUI"]
[BlackTeam "USA"]
[WhiteClock "0:00:36"]
[BlackClock "0:42:11"]
[Variant "Standard"]

1. e4 {[%clk 1:00:43]}  d5 {[%clk 1:00:17]} 2. exd5 {[%clk 1:01:00]}  Nf6 {[%clk 1:00:35]} 3. Nf3 {[%clk 1:01:15]}  e6 {[%clk 1:00:36]} 4. Bb5+ {[%clk 1:01:00]}  c6 {[%clk 1:00:19]} 5. dxc6 {[%clk 1:01:00]}  bxc6 {[%clk 0:58:04]} 6. Bc4 {[%clk 0:58:02]}  Bc5 {[%clk 0:57:18]} 7. O-O {[%clk 0:57:47]}  Ba6 {[%clk 0:57:29]} 8. Bxa6 {[%clk 0:57:22]}  Nxa6 {[%clk 0:57:38]} 9. c3 {[%clk 0:57:23]}  Qb6 {[%clk 0:57:33]} 10. d4 {[%clk 0:55:39]}  Bd6 {[%clk 0:56:29]} 11. Bg5 {[%clk 0:53:40]}  Ne4 {[%clk 0:56:21]} 12. Qc2 {[%clk 0:50:08]}  Nxg5 {[%clk 0:54:36]} 13. Nxg5 {[%clk 0:50:11]}  Bf4 {[%clk 0:54:08]} 14. Ne4 {[%clk 0:45:35]}  Rb8 {[%clk 0:53:07]} 15. Qd3 {[%clk 0:35:17]}  O-O {[%clk 0:52:43]} 16. b3 {[%clk 0:33:10]}  Rfd8 {[%clk 0:52:30]} 17. Qf3 {[%clk 0:32:24]}  Qc7 {[%clk 0:52:03]} 18. g3 {[%clk 0:32:05]}  Bd6 {[%clk 0:52:02]} 19. Nbd2 {[%clk 0:31:10]}  c5 {[%clk 0:51:20]} 20. Nxd6 {[%clk 0:29:12]}  Qxd6 {[%clk 0:51:08]} 21. Ne4 {[%clk 0:29:24]}  Qd5 {[%clk 0:50:53]} 22. Qg4 {[%clk 0:26:28]}  Kf8 {[%clk 0:50:01]} 23. Qe2 {[%clk 0:23:27]}  cxd4 {[%clk 0:49:51]} 24. Nf6 {[%clk 0:19:50]}  gxf6 {[%clk 0:48:54]} 25. Qxa6 {[%clk 0:20:05]}  dxc3 {[%clk 0:48:25]} 26. Qa3+ {[%clk 0:20:15]}  Kg7 {[%clk 0:49:18]} 27. Qxa7 {[%clk 0:16:42]}  c2 {[%clk 0:49:17]} 28. Qe3 {[%clk 0:16:14]}  Rbc8 {[%clk 0:48:42]} 29. Rac1 {[%clk 0:13:51]}  Qa5 {[%clk 0:48:23]} 30. Qf3 {[%clk 0:11:37]}  Qxa2 {[%clk 0:47:51]} 31. Qg4+ {[%clk 0:11:41]}  Kh8 {[%clk 0:47:56]} 32. Qa4 {[%clk 0:10:31]}  Qb2 {[%clk 0:47:41]} 33. Qf4 {[%clk 0:10:48]}  Rc6 {[%clk 0:47:02]} 34. b4 {[%clk 0:10:44]}  e5 {[%clk 0:47:00]} 35. Qe4 {[%clk 0:10:41]}  Qxc1 {[%clk 0:46:52]} 36. Rxc1 {[%clk 0:10:39]}  Rd1+ {[%clk 0:46:36]} 37. Kg2 {[%clk 0:10:55]}  Rc3 {[%clk 0:46:01]} 38. Qa8+ {[%clk 0:09:27]}  Kg7 {[%clk 0:46:21]} 39. Qa1 {[%clk 0:09:45]}  Rxc1 {[%clk 0:45:15]} 40. Qxc1 {[%clk 0:10:04]}  Rb3 {[%clk 0:45:24]} 41. Qxc2 {[%clk 0:10:16]}  Rxb4 {[%clk 0:45:28]} 42. Qf5 {[%clk 0:10:19]}  Rd4 {[%clk 0:45:29]} 43. g4 {[%clk 0:09:54]}  Rf4 {[%clk 0:45:27]} 44. Qh5 {[%clk 0:09:54]}  h6 {[%clk 0:45:22]} 45. h4 {[%clk 0:09:24]}  Rd4 {[%clk 0:45:02]} 46. g5 {[%clk 0:09:38]}  hxg5 {[%clk 0:44:34]} 47. hxg5 {[%clk 0:09:51]}  f5 {[%clk 0:43:43]} 48. Qh6+ {[%clk 0:09:41]}  Kg8 {[%clk 0:43:42]} 49. Qh5 {[%clk 0:09:42]}  Rg4+ {[%clk 0:42:41]} 50. Kf3 {[%clk 0:08:26]}  Rf4+ {[%clk 0:42:22]} 51. Kg3 {[%clk 0:06:59]}  Rg4+ {[%clk 0:42:09]} 52. Kh3 {[%clk 0:05:45]}  Rf4 {[%clk 0:42:07]} 53. Qe2 {[%clk 0:05:50]}  e4 {[%clk 0:42:05]} 54. Qd2 {[%clk 0:05:09]}  Rf3+ {[%clk 0:41:59]} 55. Kg2 {[%clk 0:05:25]}  Kg7 {[%clk 0:41:36]} 56. Qd8 {[%clk 0:05:06]}  Kg6 {[%clk 0:41:26]} 57. Qf6+ {[%clk 0:05:15]}  Kh5 {[%clk 0:41:37]} 58. Qh6+ {[%clk 0:05:07]}  Kg4 {[%clk 0:41:49]} 59. g6 {[%clk 0:04:19]}  fxg6 {[%clk 0:41:58]} 60. Qxg6+ {[%clk 0:04:45]}  Kf4 {[%clk 0:42:20]} 61. Qd6+ {[%clk 0:03:44]}  Kg4 {[%clk 0:42:12]} 62. Qf6 {[%clk 0:02:30]}  Kf4 {[%clk 0:42:15]} 63. Qc6 {[%clk 0:03:04]}  Kg4 {[%clk 0:42:21]} 64. Qc1 {[%clk 0:03:21]}  Kh4 {[%clk 0:42:06]} 65. Qh6+ {[%clk 0:03:00]}  Kg4 {[%clk 0:42:21]} 66. Qh2 {[%clk 0:03:01]}  Kg5 {[%clk 0:42:06]} 67. Kf1 {[%clk 0:03:18]}  e3 {[%clk 0:41:57]} 68. Qg2+ {[%clk 0:02:57]}  Kf4 {[%clk 0:42:05]} 69. Qh2+ {[%clk 0:03:04]}  Kg4 {[%clk 0:41:49]} 70. Qg2+ {[%clk 0:03:02]}  Kf4 {[%clk 0:42:05]} 71. Qh2+ {[%clk 0:02:55]}  Kg4 {[%clk 0:42:11]} 72. Qg1+ {[%clk 0:00:36]}  Kf4 {[%clk 0:42:11]} 1/2-1/2